[Event "Bogota AlphaZero op"]
[Site "Bogota"]
[Date "2018.08.19"]
[Round "5"]
[White "Guevara Rincon, Cristian Camilo"]
[Black "Penagos, Daniel Santiago"]
[Result "1-0"]
[WhiteElo "1641"]
[BlackElo "1445"]
[PlyCount "76"]
[EventDate "2018.08.17"]
[EventType "swiss"]
[EventRounds "7"]
[EventCountry "COL"]
[SourceTitle "CBM 186 Extra"]
[Source "ChessBase"]
[SourceDate "2018.08.24"]
[SourceVersion "1"]
[SourceVersionDate "2018.08.24"]
[SourceQuality "1"]

1. e4 c5 2. Nf3 Nc6 3. Bc4 d6 4. c3 Nf6 5. d3 g6 6. 0-0 Bg7 7. Re1 Qc7 8. Be3 0-0 9. Nbd2 Ng4 10. Qe2 b5 11. Bxb5 Rb8 12. d4 Nxe3 13. fxe3 cxd4 14. exd4 Qa5 15. Bxc6 Rxb2 16. Nc4 Rxe2 17. Nxa5 Rxe1+ 18. Rxe1 Ba6 19. Rb1 Rc8 20. c4 Bxc4 21. Rb7 Be2 22. d5 e6 23. Rxa7 Bxf3 24. Rd7 Bxe4 25. Rxd6 Bd4+ 26. Kf1 Bb6 27. Nb3 exd5 28. Bb7 Bd3+ 29. Ke1 Re8+ 30. Kd2 Bc7 31. Rd7 Bc4 32. Rxc7 Re2+ 33. Kc3 Rxa2 34. Nd2 Ra3+ 35. Kb4 Ra2 36. Nxc4 dxc4 37. Rc8+ Kg7 38. Kxc4 Ra7 1-0

[Event "Bogota IRT op 08"]
[Site "Bogota"]
[Date "2012.08.20"]
[Round "7"]
[White "Penagos, Daniel Santiago"]
[Black "Puerto Reyes, Ruth Maribel"]
[Result "0-1"]
[WhiteElo "1600"]
[BlackElo "1584"]
[PlyCount "36"]
[EventDate "2012.08.17"]
[EventType "swiss"]
[EventRounds "7"]
[EventCountry "COL"]
[SourceTitle "EXT 2013"]
[Source "ChessBase"]
[SourceDate "2012.11.22"]
[SourceVersion "1"]
[SourceVersionDate "2012.11.22"]
[SourceQuality "1"]

1. h4 e5 2. Nf3 Nc6 3. e4 Nf6 4. Nc3 Bc5 5. Bb5 0-0 6. Bxc6 dxc6 7. Nxe5 Nxe4 8. Nxe4 Qd4 9. d3 Qxe5 10. f4 Qd4 11. c3 Qd5 12. g4 Re8 13. Qf3 Bxg4 14. Qxg4 Qxd3 15. Rh3 Rxe4+ 16. Re3 Bxe3 17. Bxe3 Rxe3+ 18. Kf2 Qd2+ 0-1